000
00228 a2200097 4500
001
46183
100
_a
Jane's
245
_a
Jane's Dictionary of Military Terms
260
_a
London
_b
Macdonald & Jane's
_c
090
_c
29289
_d
29289
942
_a
NUST-CAE
_c
M
_c
21434
999
_c
281256
_d
281256